[Event "Êîìàíäíîå ïåð-âî ÐÔ 2012 ã. ïî êëàññè÷åñêèì øàõìàòàì "]
[Site "Ðûáèíñê"]
[Date "2012.08.06"]
[Round "5.22"]
[White "Ôàéçðàõìàíîâ Ðàìèëü"]
[Black "Ãðèøèí Àëåêñàíäð"]
[Result "1-0"]
[WhiteElo "2291"]
[BlackElo "2229"]
[Annotator ""]
[Source ""]
[Remark ""]

1.d4 d5 2.c4 e6 3.Nf3 Nf6 4.Nc3 Be7 5.Bf4 a6 6.e3 Nbd7 7.c5 c6
8.h3 Ne4 9.Nxe4 dxe4 10.Ne5 Nxe5 11.Bxe5 f6 12.Bg3 b6 13.b4 a5
14.a3 e5 15.dxe5 axb4 16.axb4 Qxd1+ 17.Rxd1 bxc5 18.b5 Bd8 19.Be2
Ba5+ 20.Kf1 Bd7 21.exf6 gxf6 22.Bh5+ Ke7 23.Bd6+ Ke6 24.Bxc5
Rhb8 25.Rd6+ Ke5 26.Rxd7 Rxb5 27.Ba3 Rb1+ 28.Rd1 Rxd1+ 29.Bxd1
Bc3 30.Bc5 Ra1 31.Bd4+ Bxd4 32.exd4+ Kxd4 33.Ke1 c5 34.Kd2 c4
35.Rf1 c3+ 36.Kc2 Ra2+ 37.Kb1 Rb2+ 38.Kc1 Ra2 39.Bc2 Ra7 40.Rd1+
Ke5 41.Re1 f5 42.f3 Rg7 43.fxe4 Rxg2 44.exf5+ Kf6 45.Kb1 Rg3
46.Re6+ Kg5 47.h4+ Kxh4 48.Rh6+ Kg5 49.Rxh7 Kf4 50.Ka2 Ke5 51.Kb3
Kf6 52.Rc7 Rh3 53.Rxc3 Rh8 54.Kc4 Rh1 55.Kd4 Rf1 56.Rc6+ Ke7
57.Ke5 Re1+ 58.Be4 Re2 59.f6+ Kf7 60.Rc7+ Kf8 61.Kf5 Ke8 62.Ra7
Re1 63.Ra8+ Kd7 64.f7 Rf1+ 65.Kg6 1-0

[Event "Êîìàíäíîå ïåð-âî ÐÔ 2012 ã. ïî êëàññè÷åñêèì øàõìàòàì "]
[Site "Ðûáèíñê"]
[Date "2012.08.06"]
[Round "5.23"]
[White "Ïàê Àëåêñàíäð"]
[Black "Õàçèåâà Ýëüçà"]
[Result "0-1"]
[WhiteElo "1104"]
[BlackElo "2258"]
[Annotator ""]
[Source ""]
[Remark ""]

1.e4 c5 2.Nf3 e6 3.d4 cxd4 4.Nxd4 a6 5.Nc3 Qc7 6.Qf3 Nf6 7.Qg3
Qxg3 8.hxg3 Bc5 9.Nb3 Ba7 10.f3 Nc6 11.Bg5 b5 12.O-O-O Bb7 13.Bd3
O-O-O 14.g4 h6 15.Bf4 b4 16.Na4 e5 17.Bd2 d6 18.Bc4 Rdf8 19.c3
a5 20.Kb1 Ne8 21.cxb4 axb4 22.Nc1 Nc7 23.Nd3 Na5 24.Bd5 Bxd5
25.exd5 Nxd5 26.Nxb4 Nc7 27.Rc1 Kd7 28.Rhd1 Rc8 29.Bc3 f6 30.Nd5
Nxd5 31.Rxd5 Nc4 32.Bb4 Ke6 33.Rcd1 Bd4 34.Nc3 Rb8 35.a3 Rhd8
36.f4 Ne3 37.f5+ Kf7 38.R1xd4 exd4 39.Rxd4 Nxg2 40.Nd5 Nh4 41.Rd3
Re8 42.Nf4 Re4 43.Ne6 Rxg4 44.Rd5 Nxf5 45.Nc7 Rg1+ 46.Ka2 g6
47.Nb5 Ke6 48.Nc7+ Kd7 49.Na6 Rb6 50.Bc5 Rxa6 51.Bxg1 Kc6 52.Rd2
h5 53.b4 Ra8 54.Kb3 h4 55.a4 Re8 56.b5+ Kb7 57.a5 Re1 58.a6+
Kb8 59.Bf2 Rb1+ 60.Ka4 h3 61.Rc2 Ra1+ 62.Kb4 h2 63.a7+ Kb7 64.b6
h1Q 65.Rc7+ Ka6 0-1

[Event "Êîìàíäíîå ïåð-âî ÐÔ 2012 ã. ïî êëàññè÷åñêèì øàõìàòàì "]
[Site "Ðûáèíñê"]
[Date "2012.08.06"]
[Round "5.24"]
[White "Áåëîâà Îëüãà"]
[Black "Ïàðàìçèíà Àíàñòàñèÿ"]
[Result "1-0"]
[WhiteElo "2084"]
[BlackElo "2021"]
[Annotator ""]
[Source ""]
[Remark ""]

1.d4 d5 2.Nc3 Nf6 3.Bg5 Bf5 4.e3 e6 5.Bd3 Bg6 6.Nf3 c5 7.Ne5
Nc6 8.Bb5 Rc8 9.h4 h6 10.Bf4 Qa5 11.Bxc6+ bxc6 12.Nxg6 fxg6 13.Kf1
cxd4 14.exd4 c5 15.Rh3 cxd4 16.Qxd4 Rc4 17.Qe5 Qa6 18.Qe2 Qb6
19.Nxd5 Qc6 20.Rc3 Rxc3 21.Nxc3 Kf7 22.Qb5 Qxb5+ 23.Nxb5 Nd5
24.Bg3 Bc5 25.Rd1 Rd8 26.Rd3 Ke7 27.a3 Rd7 28.b4 Bb6 29.Ke2 a6
30.Nc3 Nxc3+ 31.Rxc3 Bd4 32.Rc6 Ra7 33.c3 Bf6 34.a4 Kd7 35.Rc4
e5 36.f3 Kd6 37.Bf2 Ra8 38.Rc5 Be7 39.Bg3 Bf6 40.Kd3 Ra7 41.Ke4
Ra8 42.Bxe5+ Bxe5 43.Rd5+ Ke6 44.Rxe5+ Kd6 45.c4 1-0

[Event "Êîìàíäíîå ïåð-âî ÐÔ 2012 ã. ïî êëàññè÷åñêèì øàõìàòàì "]
[Site "Ðûáèíñê"]
[Date "2012.08.06"]
[Round "5.31"]
[White "Ãîðáóøèí Ìàêñèì "]
[Black "Áóêàâøèí Èâàí "]
[Result "0-1"]
[WhiteElo "2200"]
[BlackElo "2498"]
[Annotator ""]
[Source ""]
[Remark ""]

1.c4 e5 2.g3 Nf6 3.Nc3 d5 4.cxd5 Nxd5 5.Bg2 Nb6 6.Nf3 Nc6 7.O-O
Be7 8.a3 O-O 9.b4 Be6 10.Rb1 f6 11.d3 a5 12.b5 Nd4 13.a4 Qd7
14.e3 Nxf3+ 15.Bxf3 Rad8 16.Be2 Bb4 17.Qc2 c5 18.Ne4 Rc8 19.Nd2
Rfd8 20.Nc4 Qc7 21.Bb2 Nxc4 22.dxc4 Rd2 23.Qb3 Rxe2 24.Bc3 Bxc3
25.Qxc3 Ra2 0-1

[Event "Êîìàíäíîå ïåð-âî ÐÔ 2012 ã. ïî êëàññè÷åñêèì øàõìàòàì "]
[Site "Ðûáèíñê"]
[Date "2012.08.06"]
[Round "5.32"]
[White "Ïðåäêå Àëåêñàíäð"]
[Black "Ïîâîëîöêèé Åâãåíèé"]
[Result "1/2-1/2"]
[WhiteElo "2475"]
[BlackElo "2049"]
[Annotator ""]
[Source ""]
[Remark ""]

1.d4 d5 2.c4 e6 3.Nf3 Nf6 4.Nc3 c6 5.e3 Nbd7 6.Qc2 Be7 7.b3 O-O
8.Bb2 b6 9.Be2 Bb7 10.O-O dxc4 11.bxc4 c5 12.Rfd1 cxd4 13.exd4
Qc7 14.Nb5 Qf4 15.Bc1 Qb8 16.Qb3 Rd8 17.Bg5 a6 18.Nc3 Qc7 19.Rab1
Rac8 20.Rdc1 Bxf3 21.Bxf3 Qxc4 22.Nd5 Qxb3 23.Nxe7+ Kf8 24.Rxb3
Rxc1+ 25.Bxc1 Kxe7 26.Ba3+ Ke8 27.Bc6 b5 28.d5 Rb8 29.Rg3 b4
30.dxe6 fxe6 31.Bb2 Rc8 32.Ba4 g6 33.Re3 Ke7 34.g4 Nd5 35.Rh3
N7f6 36.g5 Nh5 37.Bd1 Kd6 38.Rh4 a5 39.Rd4 Nhf4 40.Kf1 e5 41.Rd2
Rc5 42.a3 Rc6 43.axb4 axb4 44.h4 e4 45.Ba4 Rc5 46.Bd4 Rc1+ 47.Rd1
Rxd1+ 48.Bxd1 Nc3 49.Bb3 Ne6 50.Bh8 Nb5 51.Bc2 Nc5 52.f3 Kd5
53.fxe4+ Nxe4 54.Bb3+ Kc5 55.Bg8 Ng3+ 56.Kg2 Nf5 57.Kh3 h6 58.gxh6
Nxh6 59.Bh7 Nf5 60.Bxg6 Nxh4 61.Kxh4 b3 62.Kg3 Kb4 63.Bb2 Na3
64.Kf2 Nc4 65.Bd4 b2 66.Ke2 Kb3 67.Kd1 Ka2 68.Bxb2 Nxb2+ 1/2-1/2

[Event "Êîìàíäíîå ïåð-âî ÐÔ 2012 ã. ïî êëàññè÷åñêèì øàõìàòàì "]
[Site "Ðûáèíñê"]
[Date "2012.08.06"]
[Round "5.33"]
[White "Ñîôüèí Ïàâåë "]
[Black "Ñàíæàåâ Äàðñåí "]
[Result "0-1"]
[WhiteElo "2071"]
[BlackElo "2335"]
[Annotator ""]
[Source ""]
[Remark ""]

1.e4 c5 2.f4 d5 3.exd5 Nf6 4.Nc3 Nxd5 5.Nxd5 Qxd5 6.Qf3 Qd6 7.Bb5+
Nd7 8.a4 a6 9.Bd3 g6 10.Ne2 Bg7 11.Nc3 O-O 12.b3 Nf6 13.O-O Bd7
14.Ba3 Bc6 15.Qe2 Nh5 16.f5 Bd4+ 17.Kh1 Ng3+ 18.hxg3 Qxg3 19.Rf3
Qh4+ 0-1

[Event "Êîìàíäíîå ïåð-âî ÐÔ 2012 ã. ïî êëàññè÷åñêèì øàõìàòàì "]
[Site "Ðûáèíñê"]
[Date "2012.08.06"]
[Round "5.34"]
[White "Ìèðçàåâà Ãóëüíàðà"]
[Black "Êðîòþê Äàðüÿ"]
[Result "1/2-1/2"]
[WhiteElo "1776"]
[BlackElo "1874"]
[Annotator ""]
[Source ""]
[Remark ""]

1.e4 c5 2.Nf3 a6 3.d4 cxd4 4.Nxd4 e5 5.Nb3 Nf6 6.Nc3 Bb4 7.Qd3
d5 8.exd5 Qxd5 9.Bd2 Qxd3 10.Bxd3 Nc6 11.O-O-O Be6 12.Rhe1 O-O-O
13.f3 h6 14.Ne4 Bxd2+ 15.Rxd2 Nxe4 16.Bxe4 Rxd2 17.Kxd2 Rd8+
18.Kc1 Bd5 19.Bf5+ Kc7 20.Nd2 Re8 21.c4 Be6 22.Be4 f6 23.Bxc6
Kxc6 24.b3 Bf7 25.Ne4 f5 26.Nc3 Bg6 27.Re3 Kc5 28.Rd3 Kc6 29.Re3
e4 30.fxe4 fxe4 31.Rg3 Bh5 32.Rxg7 e3 33.g4 Bxg4 34.Rxg4 e2 35.Rg6+
Kc5 36.Nxe2 Rxe2 37.Rxh6 Rxa2 38.h3 Rh2 39.Kd1 b5 40.cxb5 axb5
41.Rh4 Rb2 42.b4+ Rxb4 43.Rxb4 Kxb4 44.h4 Ka3 45.Kc2 Ka2 46.Kc3
Ka3 1/2-1/2

[Event "Êîìàíäíîå ïåð-âî ÐÔ 2012 ã. ïî êëàññè÷åñêèì øàõìàòàì "]
[Site "Ðûáèíñê"]
[Date "2012.08.06"]
[Round "5.41"]
[White "Ãîðäèåâñêèé Äìèòðèé"]
[Black "Ñàâèöêèé Ñåðãåé"]
[Result "0-1"]
[WhiteElo "2437"]
[BlackElo "2368"]
[Annotator ""]
[Source ""]
[Remark ""]

1.d4 Nf6 2.Nf3 g6 3.c4 Bg7 4.g3 O-O 5.Bg2 d6 6.Nc3 Nc6 7.O-O
a6 8.Qd3 e5 9.dxe5 dxe5 10.Qxd8 Rxd8 11.Bg5 Re8 12.Rfd1 h6 13.Bxf6
Bxf6 14.Nd2 Rb8 15.Nd5 Bd8 16.c5 Kg7 17.Nc4 f5 18.b4 Be6 19.Rab1
Bf6 20.Nce3 Bd8 21.Rb2 Nd4 22.f4 Bf7 23.fxe5 Nc6 24.Nc4 Nxe5
25.Nxe5 Rxe5 26.Rbd2 Bg5 27.Nf4 Be8 28.h4 Bf6 29.Bd5 Ba4 30.Bb3
Bc6 31.Ne6+ Rxe6 32.Bxe6 Bc3 33.Rc2 Bxb4 34.Rc4 Ba3 35.Rd3 Bb2
36.Rb4 Be5 37.Bd5 Bb5 38.Re3 Kf6 39.a4 Be8 40.Kg2 b5 41.c6 Rd8
42.Bf3 Bd6 43.Rd4 Bf7 44.Red3 g5 45.Rxd6+ cxd6 46.c7 Rc8 47.Rxd6+
Ke5 48.Rxh6 g4 49.Bb7 Rxc7 50.Bxa6 bxa4 51.Bd3 Bd5+ 52.Kf2 Ra7
53.Rb6 a3 54.Rb1 a2 55.Ra1 Kd4 56.Bxf5 Rf7 57.e4 Bxe4 58.Rxa2
Rxf5+ 59.Kg1 Rc5 60.Ra6 Ke3 61.Ra3+ Ke2 62.Ra2+ Rc2 63.Ra1 Rb2 0-1

[Event "Êîìàíäíîå ïåð-âî ÐÔ 2012 ã. ïî êëàññè÷åñêèì øàõìàòàì "]
[Site "Ðûáèíñê"]
[Date "2012.08.06"]
[Round "5.42"]
[White "Ïðàíèçèí Ãåííàäèé"]
[Black "Ïóñòîâîéòîâà Äàðüÿ"]
[Result "1-0"]
[WhiteElo "2153"]
[BlackElo "2294"]
[Annotator ""]
[Source ""]
[Remark ""]

1.e4 c6 2.d4 d5 3.exd5 cxd5 4.c4 Nf6 5.Nc3 e6 6.Nf3 Bb4 7.Bd2
O-O 8.cxd5 Nxd5 9.Bd3 Nc6 10.O-O Be7 11.Rc1 Nf6 12.Bg5 h6 13.Bh4
Qa5 14.Bb1 Rd8 15.Qc2 Nb4 16.Qb3 g5 17.Bg3 b6 18.Rfe1 Nbd5 19.Nxd5
Qxd5 20.Qd3 g4 21.Rc7 gxf3 22.Rxe7 Qf5 23.Qd1 Qg4 24.h3 Qg7 25.Qxf3
Kf8 26.Qa3 Kg8 27.Be5 Qg5 28.Qf3 1-0

[Event "Êîìàíäíîå ïåð-âî ÐÔ 2012 ã. ïî êëàññè÷åñêèì øàõìàòàì "]
[Site "Ðûáèíñê"]
[Date "2012.08.06"]
[Round "5.43"]
[White "Ðîìàíîâ Ñòàíèñëàâ"]
[Black "Îðåõîâ Íèêîëàé"]
[Result "0-1"]
[WhiteElo "2115"]
[BlackElo "2085"]
[Annotator ""]
[Source ""]
[Remark ""]

1.e4 e6 2.d4 d5 3.Nc3 Bb4 4.e5 c5 5.a3 Bxc3+ 6.bxc3 Qa5 7.Bd2
Qa4 8.Qb1 c4 9.f4 Nc6 10.Nf3 Nge7 11.Be2 Bd7 12.Be3 O-O-O 13.Kd2
h5 14.g3 f6 15.h3 Be8 16.g4 Bg6 17.Qb2 Be4 18.Bf2 Rdf8 19.exf6
Rxf6 20.Rhb1 b6 21.Bg3 hxg4 22.hxg4 Ng6 23.Ng5 Nxf4 24.Bxf4 Rxf4
25.Nxe6 Rf2 26.Rf1 Rfh2 27.Rf7 Re8 28.Rc7+ Kb8 29.Rb7+ Ka8 30.Nc7+
Kxb7 31.Nxe8 Bxc2 32.Re1 Bd3 33.Nxg7 Na5 34.Ke3 Qd7 35.Nf5 Bxf5
36.gxf5 Qxf5 37.Kd2 Qd3+ 38.Kc1 Nb3+ 39.Qxb3 Qe3+ 40.Kb1 cxb3
41.Ba6+ Kxa6 42.Rxe3 Kb5 43.Re7 a5 44.Rc7 Ka4 45.c4 dxc4 46.Rxc4+
Kxa3 47.Rc1 Rb2+ 48.Ka1 Rd2 49.Rh1 Rxd4 50.Kb1 Rd2 51.Rg1 a4
52.Ka1 Kb4 53.Kb1 b5 54.Rh1 a3 55.Rh4+ Ka5 56.Rh1 Rd4 57.Kc1
Rc4+ 58.Kb1 b2 59.Rg1 Rc1+ 60.Rxc1 bxc1Q+ 0-1

[Event "Êîìàíäíîå ïåð-âî ÐÔ 2012 ã. ïî êëàññè÷åñêèì øàõìàòàì "]
[Site "Ðûáèíñê"]
[Date "2012.08.06"]
[Round "5.44"]
[White "Ïàâëîâà Íàòàëüÿ"]
[Black "Ôðîëîâà Åêàòåðèíà"]
[Result "0-1"]
[WhiteElo "1726"]
[BlackElo "2078"]
[Annotator ""]
[Source ""]
[Remark ""]

1.e4 c5 2.Nf3 d6 3.d4 cxd4 4.Qxd4 Nc6 5.Bb5 Bd7 6.Bxc6 Bxc6 7.Nc3
h6 8.Be3 e5 9.Qd3 Nf6 10.h3 Qd7 11.O-O-O b5 12.Nd2 Be7 13.g4
b4 14.Nd5 Nxd5 15.exd5 Bb5 16.Qe4 a5 17.h4 Rc8 18.Kb1 Be2 19.Rdg1
h5 20.gxh5 f5 21.Qg2 Bf8 22.f3 Bb5 23.f4 e4 24.Nb3 Qf7 25.Nd4
Bc4 26.Qg6 Rxh5 27.Qxf7+ Kxf7 28.Rg5 Rxg5 29.fxg5 g6 30.h5 Bxd5
31.h6 Kg8 32.Nb5 Rd8 33.Nd4 Kh7 34.Rg1 Bf7 35.Nc6 Ra8 36.Nd4
Rc8 37.Rf1 Be7 38.Nxf5 gxf5 39.Rxf5 Kg6 40.Rxa5 Rf8 41.Rb5 Be8
42.Rd5 Rf1+ 43.Bc1 e3 44.b3 e2 0-1

[Event "Êîìàíäíîå ïåð-âî ÐÔ 2012 ã. ïî êëàññè÷åñêèì øàõìàòàì "]
[Site "Ðûáèíñê"]
[Date "2012.08.06"]
[Round "5.51"]
[White "Àëåêñååíêî Êèðèëë"]
[Black "Ìàðòûíîâ Ïàâåë"]
[Result "1-0"]
[WhiteElo "2430"]
[BlackElo "2289"]
[Annotator ""]
[Source ""]
[Remark ""]

1.e4 c5 2.Nf3 e6 3.d4 cxd4 4.Nxd4 Nc6 5.Nc3 Qc7 6.f4 Nxd4 7.Qxd4
a6 8.Be3 b5 9.Be2 Bb7 10.O-O Rc8 11.Rfd1 f6 12.f5 Bc5 13.Qxc5
Qxc5 14.Bxc5 Rxc5 15.fxe6 dxe6 16.Rd6 Ne7 17.a4 Nc8 18.Rd4 bxa4
19.Rdxa4 Kf7 20.Bxa6 Bxa6 21.Rxa6 Rd8 22.Rf1 Rd4 23.Rf3 Ne7 24.Ra7
Kf8 25.Rd3 e5 26.Kf2 Rcc4 27.Rxd4 Rxd4 28.Ke3 Nc6 29.Rc7 Nb4
30.Ne2 Rd1 31.Rc4 Na6 32.b4 Rb1 33.c3 Ke7 34.Rc8 1-0

[Event "Êîìàíäíîå ïåð-âî ÐÔ 2012 ã. ïî êëàññè÷åñêèì øàõìàòàì "]
[Site "Ðûáèíñê"]
[Date "2012.08.06"]
[Round "5.52"]
[White "Ãàíè÷åâ Àëåêñàíäð"]
[Black "Óñìàíîâ Âàñèëèé"]
[Result "1-0"]
[WhiteElo "2210"]
[BlackElo "2333"]
[Annotator ""]
[Source ""]
[Remark ""]

1.e4 c5 2.Nf3 d6 3.d4 cxd4 4.Nxd4 Nf6 5.Nc3 Nc6 6.Bg5 Bd7 7.Qd2
Rc8 8.O-O-O Nxd4 9.Qxd4 Qa5 10.Bd2 a6 11.Kb1 Qc5 12.Qxc5 Rxc5
13.Be3 Rc6 14.f3 g6 15.Bd4 Bg7 16.Nd5 e5 17.Be3 Nxd5 18.Rxd5
Be6 19.Rd2 h5 20.h4 Bh6 21.Bxh6 Rxh6 22.Be2 Ke7 23.a4 Rh8 24.b3
Rb8 25.Kb2 b5 26.axb5 axb5 27.Ra1 b4 28.Ra7+ Kf6 29.Ra6 Rxa6
30.Bxa6 Ke7 31.Rd1 Kd7 32.Ra1 d5 33.exd5 Bxd5 34.Bc4 Bxc4 35.bxc4
Ke6 36.Rd1 Kf5 37.g3 f6 38.Kb3 g5 39.hxg5 fxg5 40.Rh1 e4 41.fxe4+
Kg4 42.e5 Re8 43.Kxb4 Rxe5 44.c5 Re6 45.c4 Kxg3 46.Rxh5 Kf4 47.Kb5
g4 48.c6 Re7 49.Kb6 g3 50.Rh1 Re4 51.Rc1 g2 52.c7 g1Q+ 53.Rxg1
Rxc4 54.Rg8 Rb4+ 55.Kc5 1-0

[Event "Êîìàíäíîå ïåð-âî ÐÔ 2012 ã. ïî êëàññè÷åñêèì øàõìàòàì "]
[Site "Ðûáèíñê"]
[Date "2012.08.06"]
[Round "5.53"]
[White "Ïàëü÷óí Ãðèãîðèé"]
[Black "Øïàðòüêî Ãðèãîðèé"]
[Result "1/2-1/2"]
[WhiteElo "1189"]
[BlackElo "2122"]
[Annotator ""]
[Source ""]
[Remark ""]

1.d4 Nf6 2.Nf3 d5 3.Bf4 e6 4.e3 c5 5.c3 Bd6 6.Ne5 Nc6 7.Nd2 Qc7
8.Ndf3 c4 9.Be2 O-O 10.Qc2 Ne4 11.Bxc4 Nxe5 12.dxe5 Qxc4 13.exd6
f6 14.Nd2 Nxd2 15.Qxd2 e5 16.Bg3 Be6 17.f4 Qe4 18.O-O Rfd8 19.fxe5
fxe5 20.Qe2 Rxd6 21.Qh5 Rb6 22.Rf2 d4 23.Bxe5 dxe3 24.Rf4 Qg6
25.Qxg6 hxg6 26.b3 Bd5 27.Rd4 Bc6 28.Rd3 e2 29.Re3 Bb5 30.c4
Re6 31.Re1 Bc6 32.R1xe2 Rd8 33.h4 Rd1+ 34.Re1 Rd2 35.R3e2 Rxe2
36.Rxe2 Re7 37.Kf2 a6 38.g3 Bd7 39.Re3 Bf5 40.c5 Bb1 41.a3 Bc2
42.b4 Ba4 43.Ke2 Bb5+ 44.Kd2 Ba4 45.Kc3 Kh7 46.Kd4 Bc6 47.Bf4
Rd7+ 48.Bd6 Rf7 49.Ke5 g5 50.hxg5 Kg6 51.Ke6 Bd7+ 52.Kd5 Bc6+
53.Kc4 Kxg5 54.Bf4+ Kg4 55.Re1 g5 56.Bd6 Rf3 57.Ra1 Bb5+ 58.Kd5
Kf5 59.Rd1 Rxa3 60.Rd2 g4 61.Bf4 Rb3 62.Rd4 Rd3 1/2-1/2

[Event "Êîìàíäíîå ïåð-âî ÐÔ 2012 ã. ïî êëàññè÷åñêèì øàõìàòàì "]
[Site "Ðûáèíñê"]
[Date "2012.08.06"]
[Round "5.54"]
[White "Ëåæåïåêîâà Âåðîíèêà "]
[Black "Àíäðååâà Þëèÿ "]
[Result "1-0"]
[WhiteElo "2124"]
[BlackElo "1928"]
[Annotator ""]
[Source ""]
[Remark ""]

1.d4 d5 2.c4 e6 3.Nf3 c6 4.e3 Nf6 5.Nbd2 Nbd7 6.Bd3 b6 7.O-O
Bb7 8.e4 dxe4 9.Nxe4 Be7 10.Qe2 Qc7 11.Bg5 O-O 12.Rfd1 Rfe8 13.Rac1
c5 14.dxc5 bxc5 15.Nc3 Rad8 16.Rd2 a6 17.Rcd1 Nb8 18.Ne5 Nc6
19.Nxc6 Qxc6 20.f3 Qc7 21.Bh4 Rd4 22.Bf2 Rd7 23.Bg3 Qc8 24.Na4
Rd4 25.Bf2 Rdd8 26.Qe3 Nd7 27.Bc2 g6 28.h4 h5 29.Bxg6 fxg6 30.Qxe6+
Kf8 31.Rxd7 Rxd7 32.Rxd7 Bc6 33.Nxc5 Bxd7 34.Nxd7+ Kg7 35.Bd4+
Kh6 36.Qe3+ Kh7 37.Qe5 1-0

[Event "Êîìàíäíîå ïåð-âî ÐÔ 2012 ã. ïî êëàññè÷åñêèì øàõìàòàì "]
[Site "Ðûáèíñê"]
[Date "2012.08.06"]
[Round "5.61"]
[White "Âàñåïöîâ Ìàêñèì"]
[Black "Áîÿðñêèé Àëåêñàíäð"]
[Result "1/2-1/2"]
[WhiteElo "2240"]
[BlackElo "2210"]
[Annotator ""]
[Source ""]
[Remark ""]

1.e4 c5 2.Nf3 Nf6 3.Nc3 d5 4.exd5 Nxd5 5.Bb5+ Bd7 6.Ne5 Bxb5
7.Qh5 g6 8.Qf3 f6 9.Nxb5 Nb4 10.Qxb7 N8a6 11.Nd6+ Qxd6 12.Qb5+
Nc6 13.Qxc6+ Qxc6 14.Nxc6 Rc8 15.Nxa7 Rb8 16.a4 Nc7 17.b3 Ra8
18.Ba3 Rxa7 19.Bxc5 Rb7 20.Ke2 Na6 21.Be3 e5 22.Rhb1 Bd6 23.c3
f5 24.f3 Kd7 25.b4 Rhb8 26.b5 Nc5 27.c4 Ra8 28.a5 f4 29.Bf2 Rbb8
30.g3 Ne6 31.gxf4 Nxf4+ 32.Kf1 Nd3 33.Be3 Nc5 34.Ke2 Ne6 35.Kd3
Bc5 36.Ke4 Kd6 37.Ra2 Bxe3 38.Kxe3 Kc5 39.Ke4 Rf8 40.b6 Nd4 41.b7
Rf4+ 42.Ke3 Rxf3+ 43.Ke4 Raf8 44.b8Q R3f4+ 45.Ke3 Rf3+ 46.Ke4
R3f4+ 47.Ke3 1/2-1/2

[Event "Êîìàíäíîå ïåð-âî ÐÔ 2012 ã. ïî êëàññè÷åñêèì øàõìàòàì "]
[Site "Ðûáèíñê"]
[Date "2012.08.06"]
[Round "5.62"]
[White "Ñóòîðìèí Äàíèëà "]
[Black "Áàéãèëüäèí Àëüáåðò "]
[Result "1/2-1/2"]
[WhiteElo "2224"]
[BlackElo "2170"]
[Annotator ""]
[Source ""]
[Remark ""]

1.e4 e5 2.Nf3 Nc6 3.d4 exd4 4.Bc4 Nf6 5.e5 d5 6.Bb5 Ne4 7.Nxd4
Bd7 8.Bxc6 bxc6 9.O-O Bc5 10.f3 Ng5 11.f4 Ne4 12.Be3 Qb8 13.Nc3
Qxb2 14.Nxe4 dxe4 15.Qd2 O-O 16.Nb3 Bxe3+ 17.Qxe3 Be6 18.Qc5
Bxb3 19.axb3 Rfd8 20.Rfb1 Qd4+ 21.Qxd4 Rxd4 22.Re1 c5 23.Ra5
c4 24.Ra4 e3 25.Rxc4 Rxc4 26.bxc4 Rd8 27.Rxe3 Rd4 28.Ra3 Rxc4
29.Rxa7 g6 30.g3 Rxc2 31.Ra8+ Kg7 32.Rc8 h5 33.Kh1 c5 34.h4 c4
35.Kg1 c3 36.Kf1 Rc1+ 37.Kf2 c2 38.Kg2 Kh7 39.Kf2 Kg7 40.Kg2
Kh7 1/2-1/2

[Event "Êîìàíäíîå ïåð-âî ÐÔ 2012 ã. ïî êëàññè÷åñêèì øàõìàòàì "]
[Site "Ðûáèíñê"]
[Date "2012.08.06"]
[Round "5.63"]
[White "Èâàíîâ Ñòåïàí "]
[Black "Âàñèëåíêî Àðòåì "]
[Result "0-1"]
[WhiteElo "2044"]
[BlackElo "2135"]
[Annotator ""]
[Source ""]
[Remark ""]

1.d4 d5 2.c4 e6 3.Nf3 c6 4.Nc3 Nf6 5.e3 Nbd7 6.Qc2 Bd6 7.g4 Nxg4
8.Rg1 h5 9.h3 Nh6 10.Rxg7 Qf6 11.Rg5 Qxf3 12.e4 dxe4 13.a3 Be7
14.Bg2 Qd3 15.Qxd3 exd3 16.Rxh5 Rg8 17.Rxh6 Rxg2 18.Rh8+ Nf8
19.Ne4 Rg1+ 20.Kd2 f5 21.Ng3 Bg5+ 0-1

[Event "Êîìàíäíîå ïåð-âî ÐÔ 2012 ã. ïî êëàññè÷åñêèì øàõìàòàì "]
[Site "Ðûáèíñê"]
[Date "2012.08.06"]
[Round "5.64"]
[White "×õàíü Âèêòîðèÿ "]
[Black "Íàñûáóëèíà Àëüôèÿ "]
[Result "1-0"]
[WhiteElo "2058"]
[BlackElo "2064"]
[Annotator ""]
[Source ""]
[Remark ""]

1.d4 d6 2.e4 Nd7 3.Nc3 e5 4.Nge2 g6 5.g3 Bg7 6.Bg2 Ne7 7.O-O
O-O 8.h3 f5 9.Kh2 c6 10.Be3 Qc7 11.Qd2 fxe4 12.Nxe4 d5 13.N4c3
Nf5 14.dxe5 Nxe3 15.fxe3 Rxf1 16.Rxf1 Qxe5 17.Nf4 Nb6 18.Qf2
Bf5 19.Kh1 Rf8 20.g4 Bc8 21.Qe2 Re8 22.e4 d4 23.Nb1 Qa5 24.Na3
Kh8 25.Qf2 Qg5 26.Qe2 Bh6 27.Nc4 Qc5 28.Nxb6 Qxb6 29.Nd3 Bg7
30.Qf2 Rf8 31.Qg3 Qd8 32.Rxf8+ Qxf8 33.Qc7 Bf6 34.Ne5 Be6 35.Nf3
Qc8 36.Qf4 Bg7 37.Ng5 Bg8 38.Nf7+ Bxf7 39.Qxf7 a5 40.Qe7 Qb8
41.Qd7 Be5 42.Qe7 b6 43.h4 Qc7 44.Qf8# 1-0

[Event "Êîìàíäíîå ïåð-âî ÐÔ 2012 ã. ïî êëàññè÷åñêèì øàõìàòàì "]
[Site "Ðûáèíñê"]
[Date "2012.08.06"]
[Round "5.71"]
[White "Àðáóçîâ Èâàí "]
[Black "Ïàñèåâ Ðàõèì "]
[Result "1/2-1/2"]
[WhiteElo "2163"]
[BlackElo "2325"]
[Annotator ""]
[Source ""]
[Remark ""]

1.e4 e6 2.d4 d5 3.e5 c5 4.c3 Nc6 5.Nf3 Qb6 6.a3 c4 7.g3 Na5 8.Nbd2
Bd7 9.Bg2 Ne7 10.O-O h6 11.Rb1 Qc7 12.Qe2 Nc8 13.Ne1 Nb6 14.Nc2
O-O-O 15.f4 g6 16.Ne3 Nb3 17.Nf3 Na4 18.Qc2 b5 19.Bd2 a5 20.Be1
Qa7 21.Nd2 Nxd2 22.Bxd2 Nb6 23.g4 h5 24.f5 Bh6 25.fxg6 fxg6 26.Nd1
hxg4 27.Nf2 g3 28.hxg3 Bxd2 29.Qxd2 Bc6 30.Bh3 Qh7 31.Kg2 Nd7
32.Rh1 Qe7 33.Ng4 Rdf8 34.Rbf1 Rxf1 35.Rxf1 Kb8 36.Qf4 Qh7 37.Nf2
Qe7 38.Ng4 Qh7 39.Nf2 Qe7 40.Ng4 Qh7 41.Nf2 1/2-1/2

[Event "Êîìàíäíîå ïåð-âî ÐÔ 2012 ã. ïî êëàññè÷åñêèì øàõìàòàì "]
[Site "Ðûáèíñê"]
[Date "2012.08.06"]
[Round "5.72"]
[White "Êîð÷ìàðü Âàñèëèé "]
[Black "Ñåðãèåíêî Àíòîí "]
[Result "1/2-1/2"]
[WhiteElo "2234"]
[BlackElo "2111"]
[Annotator ""]
[Source ""]
[Remark ""]

1.e4 c5 2.Nf3 d6 3.d4 cxd4 4.Nxd4 Nf6 5.Nc3 a6 6.Be2 e6 7.a4
Be7 8.O-O O-O 9.Be3 Nbd7 10.f4 Nc5 11.e5 dxe5 12.fxe5 Nd5 13.Nxd5
exd5 14.Nf5 Be6 15.Bd3 Nxd3 16.Nxe7+ Qxe7 17.Qxd3 Rac8 18.Rf2
Rc4 19.Bd4 Bg4 20.b3 Rc6 21.Raf1 Bh5 22.c3 Bg6 23.Qe3 Be4 24.b4
Qe6 25.Bc5 Re8 26.Rxf7 Qxf7 27.Rxf7 Kxf7 28.Bd6 h6 29.Qa7 Rxc3
30.Qxb7+ Kg8 31.Qd7 Bg6 32.e6 Re3 33.e7 d4 34.Bc5 Re4 35.h4 h5
36.b5 axb5 37.axb5 d3 38.b6 Re2 39.b7 d2 40.Kh2 Rb8 41.Qd8+ Kh7
42.Qxb8 d1Q 43.Qg3 Re1 44.Bg1 Be8 45.b8Q Rxg1 46.Qe3 Rh1+ 47.Kg3
Qg4+ 48.Kf2 Qxh4+ 49.Qbg3 Qf6+ 50.Qgf4 Qb2+ 51.Qe2 Qb6+ 52.Qee3
Qb2+ 53.Qe2 Qb6+ 1/2-1/2

[Event "Êîìàíäíîå ïåð-âî ÐÔ 2012 ã. ïî êëàññè÷åñêèì øàõìàòàì "]
[Site "Ðûáèíñê"]
[Date "2012.08.06"]
[Round "5.74"]
[White "Òîìíèêîâà Ëèäèÿ "]
[Black "Ìîêøàíîâà Åëèçàâåòà "]
[Result "1-0"]
[WhiteElo "2068"]
[BlackElo "1859"]
[Annotator ""]
[Source ""]
[Remark ""]

1.e4 c5 2.Nf3 e6 3.d4 cxd4 4.Nxd4 Nc6 5.Nb5 d6 6.c4 Nf6 7.N1c3
a6 8.Na3 Be7 9.Be2 O-O 10.O-O Qc7 11.Be3 b6 12.Qd2 Bb7 13.f3
Rab8 14.Rac1 Rfd8 15.Nd5 exd5 16.cxd5 b5 17.dxc6 Bxc6 18.Nc2
Qb7 19.Nd4 Be8 20.Nf5 Bf8 21.Bd4 Nd7 22.Bxg7 f6 23.Bxf8 Nxf8
24.Bd1 Ng6 25.Bb3+ Kh8 26.Qh6 b4 27.h4 Bb5 28.Rfd1 Rf8 29.Nxd6
Qa7+ 30.Kh1 a5 31.h5 Ne5 32.Nxb5 Rxb5 33.Qxf8# 1-0

[Event "Êîìàíäíîå ïåð-âî ÐÔ 2012 ã. ïî êëàññè÷åñêèì øàõìàòàì "]
[Site "Ðûáèíñê"]
[Date "2012.08.06"]
[Round "5.81"]
[White "Ôåäîñååâ Âëàäèìèð "]
[Black "Ìàñëîâ Èâàí "]
[Result "1-0"]
[WhiteElo "2498"]
[BlackElo "1975"]
[Annotator ""]
[Source ""]
[Remark ""]

1.d4 d5 2.c4 e6 3.Nc3 Be7 4.Nf3 Nf6 5.Bg5 O-O 6.e3 h6 7.Bh4 b6
8.Be2 Bb7 9.O-O Nbd7 10.Rc1 c5 11.Bg3 Ne4 12.cxd5 Nxc3 13.bxc3
exd5 14.Bd3 Nf6 15.Ne5 c4 16.Bb1 Ba3 17.Rc2 Ne4 18.Bf4 Bd6 19.f3
Bxe5 20.Bxe5 Nd6 21.Re2 Nb5 22.Qc2 f5 23.Qb2 Bc6 24.g4 fxg4 25.Qc2
Qg5 26.Qh7+ Kf7 27.f4 1-0

[Event "Êîìàíäíîå ïåð-âî ÐÔ 2012 ã. ïî êëàññè÷åñêèì øàõìàòàì "]
[Site "Ðûáèíñê"]
[Date "2012.08.06"]
[Round "5.82"]
[White "Íàâðîäñêèé Áîðèñ "]
[Black "×èãàåâ Ìàêñèì "]
[Result "0-1"]
[WhiteElo "1953"]
[BlackElo "2462"]
[Annotator ""]
[Source ""]
[Remark ""]

1.d4 Nf6 2.c4 g6 3.Nc3 Bg7 4.e4 d6 5.Nf3 O-O 6.Be2 e5 7.O-O exd4
8.Nxd4 Re8 9.f3 c6 10.Nc2 Na6 11.Kh1 Nc7 12.Bf4 d5 13.Bxc7 Qxc7
14.cxd5 cxd5 15.exd5 Bd7 16.Na3 Rad8 17.Qb3 a6 18.Rac1 Qf4 19.Bd3
Nh5 20.Qc4 b5 21.Naxb5 axb5 22.Nxb5 Bxb2 23.Rb1 Be5 24.Qxf4 Nxf4
25.Bc4 Rc8 26.Rfc1 Bf5 27.Bb3 Nd3 28.Rc2 Nc5 0-1

[Event "Êîìàíäíîå ïåð-âî ÐÔ 2012 ã. ïî êëàññè÷åñêèì øàõìàòàì "]
[Site "Ðûáèíñê"]
[Date "2012.08.06"]
[Round "5.83"]
[White "Êóçüìèí Åãîð "]
[Black "Ïàê Ìàòâåé "]
[Result "1-0"]
[WhiteElo "1134"]
[BlackElo "1800"]
[Annotator ""]
[Source ""]
[Remark ""]

1.Nf3 c5 2.e4 d6 3.d4 cxd4 4.Qxd4 Nc6 5.Bb5 Bd7 6.Bxc6 Bxc6 7.Nc3
Nf6 8.Bg5 h6 9.Bh4 g5 10.Bg3 Bg7 11.O-O-O Qa5 12.Qd3 Nh5 13.Nd4
Rc8 14.Kb1 Bd7 15.Nd5 Nf6 16.Nxe7 Kxe7 17.Nf5+ Kf8 18.Qxd6+ Kg8
19.Ne7+ Kh7 20.e5 Qa4 21.exf6 Qxc2+ 22.Ka1 Bg4 23.fxg7 Rhe8 24.Nxc8
Bxd1 25.Qxd1 Qxc8 26.Qd3+ Kg8 27.Rd1 Qe6 28.a3 Rc8 29.Qd6 Qe2
30.Be5 Re8 31.Bc3 Re6 32.Qf8+ 1-0

[Event "Êîìàíäíîå ïåð-âî ÐÔ 2012 ã. ïî êëàññè÷åñêèì øàõìàòàì "]
[Site "Ðûáèíñê"]
[Date "2012.08.06"]
[Round "5.84"]
[White "Îáîëåíöåâà Àëåêñàíäðà "]
[Black "Ôåäîñååâà Âàëåíòèíà "]
[Result "1/2-1/2"]
[WhiteElo "1950"]
[BlackElo "1957"]
[Annotator ""]
[Source ""]
[Remark ""]

1.d4 Nf6 2.c4 e6 3.e3 d5 4.Nc3 Be7 5.Nf3 O-O 6.Bd3 c5 7.O-O b6
8.cxd5 Nxd5 9.Nxd5 exd5 10.Ne5 Qd6 11.f4 Nc6 12.Bb5 Bb7 13.b3
f6 14.Nf3 cxd4 15.Bxc6 Bxc6 16.Nxd4 Bd7 17.a4 Qc7 18.Bb2 Bc5
19.Nc2 Rac8 20.b4 Be7 21.Qxd5+ Kh8 22.Rfc1 Bc6 23.Qd2 Qb7 24.b5
Be4 25.Nd4 Rfd8 26.Qf2 Kg8 27.Rxc8 Rxc8 28.Qe2 Bc5 29.Rc1 Bxd4
30.Rxc8+ Qxc8 31.Bxd4 Qc2 32.Qxc2 Bxc2 33.a5 Bd3 34.axb6 axb6
35.Bxb6 Bxb5 36.Kf2 Kf7 37.g3 Bc6 38.g4 Bd5 39.Kg3 Be4 40.f5
Bc6 41.h4 Bd7 42.Kf4 g6 43.e4 gxf5 44.exf5 Ba4 45.Bd4 Bc2 46.g5
fxg5+ 47.hxg5 Bb1 1/2-1/2